000 00887nmc a2200313 a 4500
003 AR-BaBNM
005 20251128211245.0
008 213020s2003 ||||||||||||||000 | spa||
020 _a950-07-2406-5
040 _cAR-BaBNM
245 1 0 _a13 de espanto
246 1 _aTrece de espanto
250 _a1ª ed.
260 _aBuenos Aires
_bSudamericana
_c2003
300 0 _a94 p.
490 0 _aPrimera Sudamericana
500 0 _aContiene referencias bio-bibliográficas de los autores incluídos en la presente antología
505 _tLa calabera
_rGregory, Isabella Augusta Persse
505 _tSensaciones horribles
650 4 _aCUENTOS DE TERROR
650 4 _aLITERATURA INFANTIL
650 4 _aANTOLOGIAS
653 0 _aLITERATURA JUVENIL
655 _aLITERATURA
700 1 _aMalusardi, María
_ecompilador
800 0 _aCanela
942 _cBK
998 _cmartin
999 _c18886
_d18886